000
00310nam a22001217a 4500
082
_a
620.106 DAU
100
_a
DAUGHERTY, ROBERT L,FRANZINI, JOSEPH B
_9
60223
245
_a
FLUID MECHANICS WITH ENGINEERING APPLICAITONS
250
_a
7TH
260
_a
TOKYO
_b
MCGRAW HILL
_c
1981
300
_a
626P
942
_c
BK
999
_c
570011
_d
570011